Itineraris : Vilada : municipi Vilada :
Descripción Física:
[8] p. : il. col., fot. ; 21 cm
MARC
| LEADER | 00000nam a2200000Ia 4500 | ||
|---|---|---|---|
| 001 | 18402 | ||
| 008 | 160829s9999 xx 000 0 cat d | ||
| 080 | |a FU-1-55 | ||
| 245 | |a Itineraris : |b Vilada : |b municipi | ||
| 260 | |a [Barcelona] : |b Diputació de Barcelona, Servei d'Esports i Turisme, [19-- ?] | ||
| 300 | |a [8] p. : |b il. col., fot. ; |c 21 cm | ||
| 590 | |a A la portada: Ajuntament de Vilada ; Turisme Total. | ||
| 590 | |a Inclou mapa de la zona | ||
| 650 | |a Vilada |x Guies |9 38879 | ||
| 650 | |a Vilada |x Circuits turístics |9 38880 | ||
| 710 | 2 | |a Barcelona (Catalunya : Província). |b Servei d'Esports i Turisme |9 54307 | |
| 710 | 1 | |a Vilada (Catalunya). |b Ajuntament |9 55212 | |
| 901 | |a Arxiu | ||
| 942 | |n 1 | ||
| 952 | |0 0 |1 0 |4 0 |6 FU155 |7 1 |9 48661 |a Arxiu |b Arxiu |d 2016-12-01 |l 0 |o FU-1-55 |p 18402 |r 2016-12-01 00:00:00 |w 2016-12-01 |y ARXIU | ||
| 999 | |c 52491 |d 52491 | ||